| 000 | 00392nam a2200145 a 4500 | ||
|---|---|---|---|
| 001 | 4321 | ||
| 003 | CDMR | ||
| 005 | 20130517121854.0 | ||
| 008 | 130130s1971||||||||||||||||||||||||||||d | ||
| 040 |
_aCDMR _bcat _cCDMR |
||
| 245 | 0 |
_aDictionaire des media _b: technique, linguistique, semiologie |
|
| 260 |
_aParis _c1971 _bMaison-Mame |
||
| 650 | 0 | 4 |
_93463 _aComunicació _xDiccionaris |
| 942 |
_cMON _2udc |
||
| 999 |
_c4321 _d4321 |
||